000
00188nam a22000857a 4500
001
1258962
005
20260408090426.0
245
_a
YABAN
_c
YAKUP KADRİ KARAOSMANOĞLU
260
_b
İLETİŞİM
999
_c
1258962
_d
1258962